BIBLIOTHÈQUE DE LA MAISON DU MEXIQUE

Logo 1 Logo 2

Pablo Picasso als buchkünstler (notice nᵒ 10797)

détails MARC
000 -Sello discográfico
campo de control de longitud fija 00931nam a2200337 4500
005 - Identificación de versión
campo de control 20251016082250.0
035 ## - Otros números de control del sistema
Número de control del sistema 12961
099 ## - fechas locales
Tipo de ítem Koha LIBRO
100 ## - Datos de procesamiento general
Datos de procesamiento general 20040219d1957 m y1spay5003 ba
105 ## - Campo de datos codificados: Material textual, monográfico
Datos codificados de monografía a 001zb
200 1# - Título y mención de responsabilidad
Título propio Pablo Picasso als buchkünstler
Designación general del material texto impreso
Primer mención de responsabilidad Abraham Horodisch
210 ## - Publicación, distribución, etc.
Lugar de publicación, distribución, etc. Frankfurt am Main
Nombre del editor, distribuidor, etc. Gesellschaft der Bibliophilen
Fecha de publicación, distribución, etc. 1957
215 ## - Descripción física
Designación de material específico y extensión del ítem pag. var
Otras características físicas il.
Dimensiones 25 cm
318 ## - Nota de acción
Acción No se presta a domicilio
345 ## - Nota de información de adquisición
Fuente de adquisición/dirección de la suscripción [OBSOLETO] Intercambio
600 ## - Nombre personal usado como materia
Elemento de entrada Picasso
Parte del nombre distinta del elemento de entrada Pablo
Fechas 1881-1973
Número Koha 1517
606 ## - Término temático usado como materia
Elemento de entrada Pintores españoles
Subdivisión temática Biografías
Subdivisión cronológica Siglo XX
Número Koha 17304
676 ## - Clasificación Decimal Dewey
Número R759.6 H811p
700 ## - Nombre personal - Responsabilidad primaria
Elemento de entrada Horodisch
Parte del nombre distinta del elemento de entrada Abraham
Número Koha 17306
801 #0 - Fuente de origen
Agencia cm
900 ## -
-- 1/6515
900 ## -
-- 7100418277\190204
942 ## - ELEMENTOS DE ENTRADA SECUNDARIOS (KOHA)
Tipo de ítem Koha Livre

Pas d'exemplaire disponible.